Harry Potter: les Sirènes - Statistiques

Statistiques générales
  • Ce quiz a été pris 96 fois
  • Le résultat moyen est 3 sur 5
Statistiques - réponses
Information Réponse % Correct
Première apparition Harry Potter et la Coupe de Feu
100%
Derniere apparition Harry Potter et la Coupe de Feu
100%
Description Buste humain et queue de poisson
48%
Statut Animal
33%
Pays d'origine Grèce
20%
Aucun quiz correspondant
Distribution des résultats
% des personnes avec chaque résultat
Percentile par nombre de réponses
Votre historique - résultats
Vous n’avez pas pris ce quiz